Peces demersales del Parque Nacional Natural Gorgona y su área de influencia, Pacífico Colombiano (Registro nro. 16237)
[ vista simple ]
| 000 -CABECERA | |
|---|---|
| Campo de control | 005950000a22001930004500 |
| 090 ## - CLASIFICACIÓN LOCAL | |
| Colección | AS |
| Consecutivo | SERIADAS |
| 041 0# - IDIOMA | |
| Código de idioma para texto/pista de sonido o título separado | |
| 041 0# - IDIOMA | |
| Código de idioma para texto/pista de sonido o título separado | |
| 044 ## - PAÍS DE PUBLICACIÓN | |
| País de publicación | |
| 100 1# - ASIENTO PRINCIPAL--NOMBRE PERSONAL | |
| Nombre personal | Rojas M., Paola Andrea |
| 245 10 - MENCION DE TITULO | |
| Título | Peces demersales del Parque Nacional Natural Gorgona y su área de influencia, Pacífico Colombiano |
| 651 #4 - ASIENTO SECUNDARIO DE MATERIA - NOMBRE GEOGRAFICO | |
| -- | Colombia |
| 700 1# - ASIENTO SECUNDARIO - NOMBRE PERSONAL | |
| Nombre personal | Zapata P., Luis Alfonso |
| 773 1# - Item fuente: | |
| Título | Biota Colombiana |
| Descripción física | 2 |
| Paginas del Articulo | 211-244 |
| Lugar, editorial y fecha de publicación | 2006 |
| Información sobre la relación | 7 |
| 942 ## - ELEMENTOS ADICIONALES (KOHA) | |
| Tipo de ítem | Artículo |
No hay ítems disponibles.